Sensaciones en Oriente o impresiones bíblicos de un granadino en la Tierra Santa (Registro nro. 303240)
[ vista simple ]
| 000 -ENCABEZADO | |
|---|---|
| Número de control [NR] | 01655nam a2200241 4500 |
| 005 - FECHA Y HORA DE LA ÚLTIMA TRANSACCIÓN | |
| control field | 20160706144352.0 |
| 008 - DE LONGITUD FIJA DE DATOS DE ELEMENTOS - INFORMACIÓN GENERAL | |
| Elementos de longitud fija [NR] | 160418s1859 xxu |||fr|||| 001 0 spa d |
| 040 ## - FUENTE DE CATALOGACION [NR] | |
| Agencia de catalogación original [NR] | CO-BoUCM |
| Idioma de catalogación [NR] | spa |
| Quien Cataloga | Sandra Yazo |
| Quien Clasifica | Sandra Yazo |
| 041 0# - CODIGO DE IDIOMA [R] | |
| Código de idioma para texto/pista de sonido o título separado [R] | Español |
| 082 04 - NUMERO DE CLASIFICACION DECIMAL DEWEY [R] | |
| Número de la edición [NR] | 20 |
| Número de clasificación [R] | 863.9922 |
| 092 ## - SIGNATURA TOPOGRAFICA LOCAL | |
| Número de clasificación local | E39N035 |
| 100 1# - ASIENTO PRINCIPAL--NOMBRE PERSONAL [NR] | |
| ID Autoridad | 76669 |
| Nombre personal [NR] | Arosemena, Domingo |
| 245 10 - MENCION DE TITULO [NR] | |
| Título [NR] | Sensaciones en Oriente o impresiones bíblicos de un granadino en la Tierra Santa |
| Mención de responsabilidad, etc. [NR] | por Domingo Arosena |
| 260 ## - PUBLICACION, DISTRIBUCION, ETC. (PIE DE IMPRENTA) [R] | |
| Lugar de publicación, distribución, etc. [R] | Nueva York (Estados Unidos) |
| Nombre del editor, distribuidor, etc. [R] | Imprenta de Robert Craighead |
| Fecha de publicación, distribución, etc. [R] | 1859 |
| 300 ## - DESCRIPCION FISICA [R] | |
| Extensión [R] | viii, 373 páginas |
| Dimensiones [R] | 20 x 14 cm |
| 500 ## - NOTA GENERAL [R] | |
| Nota general [NR] | Detalles físicos: Encuadernación rígida en cartón forrado en tela texturizada. Tapa con recuadros y adornos repujados. Lomo en dorado. Guardas. Hojas de cortesía, la primera con anotación manuscrita, la segunda con el retrato del autor al verso. Portada impresa en una sola tinta. Algunos subrayados. Papel con manchas. Lomo con algunas roturas en bordes. Ej.2 con algunas manchas sobre el papel |
| 505 0# - NOTA DE CONTENIDO CON FORMATO PREESTABLECIDO [R] | |
| Nota de contenido con formato preestablecido [NR] | París, Lyon, Aviñón, Marsella ; Malta ; Alejandría ; Jaffa o Joppe ; Beyrouth ; Monte Líbano – Drusos – Maronitas – Balbeck – Anti-líbano ; Betulia-cana ; Nazareth ; Caifá yt Monte Carmelo ; Jenin-Sebastian y Naplusa ; Jerusalén y su interior ; Mar muerto ; Regreso |
| 506 ## - NOTA DE RESTRICCIONES DE ACCESO [R] | |
| Condiciones de acceso [NR] | Consulta en sala |
| 650 #7 - ASIENTO SECUNDARIO DE MATERIA - TERMINO TEMATICO [R] | |
| 9 (RLIN) | 18718 |
| Término temático o nombre geográfico como elemento de entrada [NR] | Literatura panameña |
| Subdivisión general [R] | Descripciones y viajes |
| Subdivisión geográfica [R] | Jerusalén |
| 690 ## - ASUNTO AGREGADO LOCAL DE ENTRADA - TÉRMINO TEMÁTICO (OCLC, RLIN) | |
| Acceso temático local | Literatura latinoamericana |
| 9 (RLIN) | 18700 |
| 856 41 - LOCALIZACION Y ACCESO ELECTRONICOS [R] | |
| Identificador Uniforme del Recurso (“URI”) [R] | <a href="https://books.google.com.co/books?id=NQ4IAAAAQAAJ&printsec=frontcover&hl=es&source=gbs_ge_summary_r&cad=0#v=onepage&q&f=false">https://books.google.com.co/books?id=NQ4IAAAAQAAJ&printsec=frontcover&hl=es&source=gbs_ge_summary_r&cad=0#v=onepage&q&f=false</a> |
| Nota dirigida al público [R] | Disponible en línea |
| 942 ## - ELEMENTOS DE ENTRADA AGREGADOS (KOHA) | |
| Sistema de clasificación | LOCAL |
| Tipo de ítem principal el descrito en 300a | Libro |
| Edición | 1 |
| Clasificación | E39N035 |
| Suprimido | Perdido | Sistema de clasificación | Dañado | No prestable | Tipo de ítem específico | Ubicación habitual | Ubicación actual | Localización | Fecha de creación | Forma de adquisición | Costo | Total préstamos | Signatura topográfica | Código de barras | Última vez visto | Ejemplar | Price effective from | Tipo de ítem |
|---|---|---|---|---|---|---|---|---|---|---|---|---|---|---|---|---|---|---|
| LOCAL | Libro archivo | Archivo Histórico | Archivo Histórico | Archivo histórico | 18/04/2016 | Donación | 0.00 | E39N035 | L005535 | 18/04/2016 | Ej.1 | 18/04/2016 | Libro | |||||
| LOCAL | Libro archivo | Archivo Histórico | Archivo Histórico | Archivo histórico | 18/04/2016 | Donación | 0.00 | E39N035 | L005736 | 18/04/2016 | Ej.2 | 06/07/2016 | Libro |